000
00328 a2200145 4500
001
180142
020
_a
040
_c
Magnum
100
_a
Rodrigues, Jose Francisco
240
1
0
_a
Estorias do menino espantado
_l
por
245
1
0
_a
Estorias do menino espantado
362
0
_a
1899
697
_a
MAGNITO: IJ/GERAL
942
_c
BK
999
_c
180142
_d
180142